The Advocate's Journey into Financial Services Regulatory Law / (Record no. 3316)

MARC details
000 -LEADER
fixed length control field 00564nam a22001817a 4500
005 - DATE AND TIME OF INPUT
control field 20250814065454.0
008 - DATA ELEMENTS--GENERAL INFORMATION
fixed length control field 250814b |||||||| |||| 00| 0 eng d
020 ## - INTERNATIONAL STANDARD BOOK NUMBER
International Standard Book Number 9781991222596
041 ## - LANGUAGE CODE
Language code of text English
082 ## - SHELF NUMBER
DDC number 340.1 NKH
100 ## - MAIN AUTHOR
Main author's name N Nkhwashu
Titles and words associated with a name Advocate
Language of a work English
245 ## - TITLE STATEMENT
Title The Advocate's Journey into Financial Services Regulatory Law /
Statement of responsibility, etc. N Nkhwashu
260 ## - PUBLICATION, DISTRIBUTION, ETC.
Place of publication, distribution, etc. Pretoria:
Name of publisher, distributor, etc. Samnko Books (Pty) Ltd,
Date of publication, distribution, etc. 2020
300 ## - PHYSICAL DESCRIPTION
Other physical details 250 pages;
Dimensions 25 cm.
650 ## - SUBJECT`
Broad subject Legal practice
Own subject terms Law
700 ## - OTHER AUTHORS
titles/words associated with name Advocate
942 ## - ADDED ENTRY ELEMENTS (KOHA)
Item type Books
942 ## - ADDED ENTRY ELEMENTS (KOHA)
-- ALISON_BN_VRIES
Holdings
Source of classification or shelving scheme Not for loan Collection code Home library Current library Shelving location Date acquired Full call number Barcode Price effective from Koha item type
Dewey Decimal Classification   TEXT BOOKS LAW SOCIETY OF NAMIBIA LIBRARY - WINDHOEK LAW SOCIETY OF NAMIBIA LIBRARY - WINDHOEK General Shelf 08/14/2025 340.1 NKH LSN/2025/82 08/14/2025 Books
Dewey Decimal Classification   TEXT BOOKS LAW SOCIETY OF NAMIBIA LIBRARY - WINDHOEK LAW SOCIETY OF NAMIBIA LIBRARY - WINDHOEK General Shelf 08/14/2025 340.1 NKH LSN/2025/81 08/14/2025 Books
Dewey Decimal Classification   TEXT BOOKS LAW SOCIETY OF NAMIBIA LIBRARY - WINDHOEK LAW SOCIETY OF NAMIBIA LIBRARY - WINDHOEK General Shelf 08/14/2025 340.1 NKH LSN/2025/80 08/14/2025 Books
Dewey Decimal Classification   TEXT BOOKS LAW SOCIETY OF NAMIBIA LIBRARY - WINDHOEK LAW SOCIETY OF NAMIBIA LIBRARY - WINDHOEK General Shelf 08/14/2025 340.1 NKH LSN/2025/79 08/14/2025 Books
Dewey Decimal Classification   TEXT BOOKS LAW SOCIETY OF NAMIBIA LIBRARY - WINDHOEK LAW SOCIETY OF NAMIBIA LIBRARY - WINDHOEK General Shelf 08/14/2025 340.1 NKH LSN/2025/78 08/14/2025 Books
Dewey Decimal Classification   TEXT BOOKS LAW SOCIETY OF NAMIBIA LIBRARY - WINDHOEK LAW SOCIETY OF NAMIBIA LIBRARY - WINDHOEK General Shelf 08/14/2025 340.1 NKH LSN/2025/77 08/14/2025 Books
Dewey Decimal Classification   TEXT BOOKS LAW SOCIETY OF NAMIBIA LIBRARY - WINDHOEK LAW SOCIETY OF NAMIBIA LIBRARY - WINDHOEK General Shelf 08/14/2025 340.1 NKH LSN/2025/76 08/14/2025 Books
Dewey Decimal Classification   TEXT BOOKS LAW SOCIETY OF NAMIBIA LIBRARY - WINDHOEK LAW SOCIETY OF NAMIBIA LIBRARY - WINDHOEK General Shelf 08/14/2025 340.1 NKH LSN/2025/75 08/14/2025 Books
Dewey Decimal Classification   TEXT BOOKS LAW SOCIETY OF NAMIBIA LIBRARY - WINDHOEK LAW SOCIETY OF NAMIBIA LIBRARY - WINDHOEK General Shelf 08/14/2025 340.1 NKH LSN/2025/74 08/14/2025 Books
Dewey Decimal Classification   TEXT BOOKS LAW SOCIETY OF NAMIBIA LIBRARY - WINDHOEK LAW SOCIETY OF NAMIBIA LIBRARY - WINDHOEK General Shelf 08/14/2025 340.1 NKH LSN/2025/73 08/14/2025 Books